| 000 | 00766nam a2200253 a 4500 | ||
|---|---|---|---|
| 008 | |||
| 020 | _a9780797483522 (packback.) | ||
| 040 |
_aNUST _cNUST |
||
| 049 | _aMAIN | ||
| 090 |
_aKDK440 _bMUC |
||
| 100 | 1 | _aMucheche, Caleb. | |
| 245 | 1 | 0 |
_aInsurance and pension law in Zimbabwe / _cCaleb Mucheche. |
| 260 |
_aHarare, Zimbabwe : _bZimlaw Trust, _c2018. |
||
| 300 |
_ax, 76 pages, _c21 cm. |
||
| 336 |
_atext _btxt _2radacontent |
||
| 337 |
_aunmediated _bn _2rdamedia |
||
| 338 |
_avolume _2rdacarrier |
||
| 504 | _aIncludes bibliographical references. | ||
| 650 |
_aInsurance law _zZimbabwe. |
||
| 907 |
_a.b10395593 _b18-02-20 _c17-12-18 |
||
| 003 | |||
| 005 | 20230123141144.0 | ||
| 942 |
_cBOOKS _kKDK440 _mMUC |
||
| 999 |
_c168614 _d168614 |
||